Kahzan di jhatak / (Record no. 525622)

000 -LEADER
fixed length control field 00474nam a22001817a 4500
003 - CONTROL NUMBER IDENTIFIER
control field NUST
005 - DATE AND TIME OF LATEST TRANSACTION
control field 20190703093823.0
038 ## - RECORD CONTENT LICENSOR
Staff Name Faiza
082 ## - DEWEY DECIMAL CLASSIFICATION NUMBER
Classification number 891.421
Author Mark KAL
100 ## - MAIN ENTRY--PERSONAL NAME
Personal name Kalandri, Makhmor
9 (RLIN) 16543
245 ## - TITLE STATEMENT
Title Kahzan di jhatak /
Statement of responsibility, etc. Makhmor Kalandri
260 ## - PUBLICATION, DISTRIBUTION, ETC.
Place of publication, distribution, etc. D.I. Khan
Name of publisher, distributor, etc. Qasir Adbi Form,
Date of publication, distribution, etc. 2001.
300 ## - PHYSICAL DESCRIPTION
Extent 88p. ;
500 ## - GENERAL NOTE
General note Hard Cover
880 ## - ALTERNATE GRAPHIC REPRESENTATION
Linkage 100-01\r
Title مخمور قلندری
880 ## - ALTERNATE GRAPHIC REPRESENTATION
Linkage 245-2\r
Title /خزاں دی جھٹک
942 ## - ADDED ENTRY ELEMENTS (KOHA)
Source of classification or shelving scheme
Koha item type Book
Holdings
Withdrawn status Lost status Source of classification or shelving scheme Damaged status Not for loan Permanent Location Current Location Date acquired Total Checkouts Full call number Barcode Date last seen Price effective from Koha item type
          Central Library (CL) Central Library (CL) 07/03/2019   891.421 KAL CL-E-715 07/03/2019 07/03/2019 Book
© 2023 Central Library, National University of Sciences and Technology. All Rights Reserved.